Responses for Show #578 - Wednesday, February 25, 1987

1987 Teen Tournament semifinal game 3.

Contestants

[<< previous game]

Mike Becker, a senior at Jesuit High School from Gretna, Louisiana

Lisa Patterson, a junior at Pasadena High School from Pasadena, Texas

Michael Galvin, a senior at Shaker Heights High School from Shaker Heights, Ohio

[next game >>]

Jeopardy! Round responses

AMPHIBIANS
BICYCLING
STARTS WITH "G"
TEEN CLUBS
SEE THE USA
HEAVY METAL
    $100 8
tadpole

Lisa
    $100 9
(Mike: What are its spokes?)

chain

Mike
Triple Stumper
    $100 3
Gomorrah

Michael
    $100 10
(Mike: What is the Boy Scouts?)

Girl Scouts

Mike
Triple Stumper
    $100 1
Lyndon Baines Johnson

Lisa
    $100 15
Kiss

Michael
    $200 19
(Michael: What are their legs?)
(Alex: Be more specific.)

hind legs

Michael
    $200 26
(Alex: We've got less than a minute to go.)

prisoners

Triple Stumper
    $200 4
Groundhog's Day

Michael
    $200 11
Junior Achievement

Michael
    $200 2
(Michael: What is his corpse?)

horse

MichaelMike
    $200 16
touring

Lisa
    $300 23
spinal cords (backbone)

Michael
    $300 27
(Alex: You know that little metal framework over the [*] that keeps your foot from slipping off

pedal

Triple Stumper
    $300 5
groom

Michael
    $300 12
(Alex: And by the way the current president is a boy.)

Future Homemakers of America

Lisa
    $300 18
Miss America

Michael
    $300 17
"Paranoid"

Triple Stumper
    $400 24
(Michael: What are gills?)

tails

MichaelMike
    $400 28
[ERRATUM: Miss Gulch's first name is Almira.]

Dorothy

Mike
    $400 6
(Mike: What is gold?)
(Alex: Be more specific.)

gold dust

Mike
    $400 13
Explorers

Michael
    $400 21
Kansas

Mike
    $400 20
Tommy Lee

Lisa
    $500 25
life

Mike
    $500 29
handlebars

Triple Stumper
    $500 7
Gordian Knot

Michael
    $300 14
(Michael: What are health & husbandry?)

(2 of) health, head, heart & hand

Michael
    $500 22
Hawaii

Michael
    $500 30
(Alex: David Bowie got it also, but the group was [*].)

Van Halen

Triple Stumper

Scores at the first commercial break (after clue 16):

Michael Lisa Mike
$1,300 $700 $400

Scores at the end of the Jeopardy! Round:

Michael Lisa Mike
$2,200 $1,100 $2,100

Double Jeopardy! Round responses

ANATOMY
COLORS
CENTURIES
FILMS OF THE '80s
NURSERY RHYMES
QUOTE "UN"QUOTE
    $200 6
heart

Michael
    $200 11
Brown

Michael
    $200 25
19th

Mike
    $200 1
automobiles

Michael
    $200 26
sings

Lisa
    $200 16
Uncle Sam

Michael
    $400 7
oxygen

Mike
    $400 12
Simply Red

Michael
    $400 24
20th

Michael
    $400 2
The Woman in Red

Michael
    $400 27
pie

Michael
    $400 17
unleavened

Mike
    $600 8
liver

Michael
    $600 13
yellow

Lisa
    $600 23
16th

Michael
    $600 3
Jack Nicholson & Kathleen Turner

Lisa
    $600 28
Wednesday

Triple Stumper
    $300 18
unalienable

Mike
    $800 9
(Michael: What is a tooth?)

nails

Michael
Triple Stumper
    $800 14
(Lisa: What is Pinky?)
(Alex: Sorry, wrong.)
[The decision was reversed during the break though not explained until going to Lisa's Final Jeopardy! round response.]
[ERRATUM: The game is Ms. Pac-Man.]

pink & Pinky, red & Blinky, blue & Inky, gold or orange & Sue

Lisa
    $800 21
1st century B.C.

Michael
    $800 4
Twilight Zone

Michael
    $800 29
Give them to your sons

Triple Stumper
    $800 19
Prometheus Unbound

Michael
    $1000 10
pituitary

Mike
    $1000 15
(Michael: What is a color wheel?)

spectrum

MichaelMike
    $1000 22
15th

Michael
    $1000 5
(Lisa: What is "Tarzan, Lord of the Apes"?)
[Note: The full title of the movie is: Greystoke: The Legend of Tarzan, Lord of the Apes]

Greystoke (The Legend of Tarzan)

LisaMike
    $1000 30
a duck

Triple Stumper
    $1000 20
(Michael: What is unhappy?)

uneasy

Michael
Triple Stumper

Scores at the end of the Double Jeopardy! Round:

Michael Lisa Mike
$6,400 $2,300 $6,400

[wagering suggestions for these scores]

Final Jeopardy! Round responses

WORD PLAY
LisaWhat is Jame John?
$700
MikeWhat is J AMJJ James
$6,400
MichaelWhat is Jason?
$6,400
Jason

Final scores:

Michael Lisa Mike
$12,800 $1,600 $0
Finalist 2nd place: $5,000 3rd place: $5,000

Game dynamics:

Coryat scores:

Michael Lisa Mike
$6,700 $2,300 $6,700
25 R
(including 1 DD),
6 W
(including 1 DD)
9 R,
1 W
13 R
(including 1 DD),
2 W

Combined Coryat: $15,700

[game clues] [game scores] [suggest correction]

Game tape date: 1986-12-29
The J! Archive is created by fans, for fans. Scraping, republication, monetization, and malicious use prohibited; this site may use cookies and collect identifying information. See terms. The Jeopardy! game show and all elements thereof, including but not limited to copyright and trademark thereto, are the property of Jeopardy Productions, Inc. and are protected under law. This website is not affiliated with, sponsored by, or operated by Jeopardy Productions, Inc. Join the discussion at JBoard.tv.